<?xml version="1.0" encoding="UTF-8"?>
<record
    xmlns:xsi="http://www.w3.org/2001/XMLSchema-instance"
    xsi:schemaLocation="http://www.loc.gov/MARC21/slim http://www.loc.gov/standards/marcxml/schema/MARC21slim.xsd"
    xmlns="http://www.loc.gov/MARC21/slim">

  <leader>00805nam a22001577a 4500</leader>
  <controlfield tag="003">OSt</controlfield>
  <controlfield tag="005">20151212142517.0</controlfield>
  <controlfield tag="008">151212b        xxu||||| |||| 00| 0 eng d</controlfield>
  <datafield tag="040" ind1=" " ind2=" ">
    <subfield code="c">RUA </subfield>
  </datafield>
  <datafield tag="082" ind1=" " ind2=" ">
    <subfield code="a">ATMs HUY 2004 B211 Or.1</subfield>
  </datafield>
  <datafield tag="100" ind1=" " ind2=" ">
    <subfield code="9">4761</subfield>
    <subfield code="a">HUY DARA; &#x17A0;&#x17CA;&#x17BB;&#x1799; &#x178F;&#x17B6;&#x179A;&#x17B6;.</subfield>
  </datafield>
  <datafield tag="245" ind1=" " ind2=" ">
    <subfield code="a">The study of technical pig slaughter in in beng krapear slaughtehouse at domnak thom village, meanchey commune, khan meanchey, phnom penh city, &#x1780;&#x17B6;&#x179A;&#x179F;&#x17B7;&#x1780;&#x17D2;&#x179F;&#x17B6;&#x179B;&#x17BE;&#x1794;&#x1785;&#x17D2;&#x1785;&#x17C1;&#x1780;&#x1791;&#x17C1;&#x179F;&#x1796;&#x17B7;&#x1783;&#x17B6;&#x178F;&#x1787;&#x17D2;&#x179A;&#x17BC;&#x1780;&#x1793;&#x17C5;&#x1791;&#x17B8;&#x179F;&#x178F;&#x17D2;&#x178F;&#x1783;&#x17B6;&#x178A;&#x1794;&#x17B9;&#x1784;&#x1780;&#x17D2;&#x179A;&#x1796;&#x17BE; &#x1797;&#x17BC;&#x1798;&#x17B7;&#x178A;&#x17C6;&#x178E;&#x17B6;&#x1780;&#x17CB;&#x1792;&#x17C6; &#x179F;&#x1784;&#x17D2;&#x1780;&#x17B6;&#x178F;&#x17CB;&#x1798;&#x17B6;&#x1793;&#x1787;&#x17D0;&#x1799; &#x179A;&#x17B6;&#x1787;&#x1792;&#x17B6;&#x1793;&#x17B8;&#x1797;&#x17D2;&#x1793;&#x17C6;&#x1796;&#x17C1;&#x1789;.</subfield>
  </datafield>
  <datafield tag="260" ind1=" " ind2=" ">
    <subfield code="a">Phnom Penh </subfield>
    <subfield code="b">RUA </subfield>
    <subfield code="c">2004 </subfield>
  </datafield>
  <datafield tag="300" ind1=" " ind2=" ">
    <subfield code="a">i; 30p.</subfield>
    <subfield code="b">ill.</subfield>
    <subfield code="c">29cm.</subfield>
  </datafield>
  <datafield tag="942" ind1=" " ind2=" ">
    <subfield code="2">ddc</subfield>
    <subfield code="c">ATMSP</subfield>
  </datafield>
  <datafield tag="999" ind1=" " ind2=" ">
    <subfield code="c">4436</subfield>
    <subfield code="d">4436</subfield>
  </datafield>
  <datafield tag="952" ind1=" " ind2=" ">
    <subfield code="0">0</subfield>
    <subfield code="1">0</subfield>
    <subfield code="2">ddc</subfield>
    <subfield code="4">0</subfield>
    <subfield code="6">ATMS_HUY_2004_000000000000000_B211_OR_1</subfield>
    <subfield code="7">0</subfield>
    <subfield code="9">22970</subfield>
    <subfield code="a">LBB</subfield>
    <subfield code="b">LBB</subfield>
    <subfield code="c">B211</subfield>
    <subfield code="d">2015-12-12</subfield>
    <subfield code="o">ATMs HUY 2004 B211 Or.1</subfield>
    <subfield code="p">RUA009563</subfield>
    <subfield code="r">2015-12-12</subfield>
    <subfield code="w">2015-12-12</subfield>
    <subfield code="y">ATMSP</subfield>
  </datafield>
  <datafield tag="952" ind1=" " ind2=" ">
    <subfield code="0">0</subfield>
    <subfield code="1">0</subfield>
    <subfield code="2">ddc</subfield>
    <subfield code="4">0</subfield>
    <subfield code="6">ATMS_HUY_2004_000000000000000_B211_OR_2</subfield>
    <subfield code="7">0</subfield>
    <subfield code="9">22971</subfield>
    <subfield code="a">LBB</subfield>
    <subfield code="b">LBB</subfield>
    <subfield code="c">B211</subfield>
    <subfield code="d">2015-12-12</subfield>
    <subfield code="o">ATMs HUY 2004 B211 Or.2</subfield>
    <subfield code="p">RUA009620</subfield>
    <subfield code="r">2015-12-12</subfield>
    <subfield code="w">2015-12-12</subfield>
    <subfield code="y">ATMSP</subfield>
  </datafield>
  <datafield tag="952" ind1=" " ind2=" ">
    <subfield code="0">0</subfield>
    <subfield code="1">0</subfield>
    <subfield code="2">ddc</subfield>
    <subfield code="4">0</subfield>
    <subfield code="6">ATMS_HUY_2004_000000000000000_B211_OR_3</subfield>
    <subfield code="7">0</subfield>
    <subfield code="9">22972</subfield>
    <subfield code="a">LBB</subfield>
    <subfield code="b">LBB</subfield>
    <subfield code="c">B211</subfield>
    <subfield code="d">2015-12-12</subfield>
    <subfield code="o">ATMs HUY 2004 B211 Or.3</subfield>
    <subfield code="p">RUA009478</subfield>
    <subfield code="r">2015-12-12</subfield>
    <subfield code="w">2015-12-12</subfield>
    <subfield code="y">ATMSP</subfield>
  </datafield>
  <datafield tag="952" ind1=" " ind2=" ">
    <subfield code="0">0</subfield>
    <subfield code="1">0</subfield>
    <subfield code="2">ddc</subfield>
    <subfield code="4">0</subfield>
    <subfield code="6">ATMS_HUY_2004_000000000000000_B211_OR_4</subfield>
    <subfield code="7">0</subfield>
    <subfield code="9">22973</subfield>
    <subfield code="a">LBB</subfield>
    <subfield code="b">LBB</subfield>
    <subfield code="c">B211</subfield>
    <subfield code="d">2015-12-12</subfield>
    <subfield code="o">ATMs HUY 2004 B211 Or.4</subfield>
    <subfield code="p">RUA033838</subfield>
    <subfield code="r">2015-12-12</subfield>
    <subfield code="w">2015-12-12</subfield>
    <subfield code="y">ATMSP</subfield>
  </datafield>
  <datafield tag="952" ind1=" " ind2=" ">
    <subfield code="0">0</subfield>
    <subfield code="1">0</subfield>
    <subfield code="2">ddc</subfield>
    <subfield code="4">0</subfield>
    <subfield code="6">ATMS_HUY_2004_000000000000000_B211_OR_5</subfield>
    <subfield code="7">0</subfield>
    <subfield code="9">22974</subfield>
    <subfield code="a">LBB</subfield>
    <subfield code="b">LBB</subfield>
    <subfield code="c">B211</subfield>
    <subfield code="d">2015-12-12</subfield>
    <subfield code="l">2</subfield>
    <subfield code="o">ATMs HUY 2004 B211 Or.5</subfield>
    <subfield code="p">RUA009550</subfield>
    <subfield code="r">2019-07-23</subfield>
    <subfield code="s">2019-06-11</subfield>
    <subfield code="w">2015-12-12</subfield>
    <subfield code="y">ATMSP</subfield>
  </datafield>
  <datafield tag="952" ind1=" " ind2=" ">
    <subfield code="0">0</subfield>
    <subfield code="1">0</subfield>
    <subfield code="2">ddc</subfield>
    <subfield code="4">0</subfield>
    <subfield code="6">ATMS_HUY_2004_000000000000000_B211_OR_6</subfield>
    <subfield code="7">0</subfield>
    <subfield code="9">22975</subfield>
    <subfield code="a">LBB</subfield>
    <subfield code="b">LBB</subfield>
    <subfield code="c">B211</subfield>
    <subfield code="d">2015-12-12</subfield>
    <subfield code="o">ATMs HUY 2004 B211 Or.6</subfield>
    <subfield code="p">RUA009340</subfield>
    <subfield code="r">2015-12-12</subfield>
    <subfield code="w">2015-12-12</subfield>
    <subfield code="y">ATMSP</subfield>
  </datafield>
  <datafield tag="952" ind1=" " ind2=" ">
    <subfield code="0">0</subfield>
    <subfield code="1">0</subfield>
    <subfield code="2">ddc</subfield>
    <subfield code="4">0</subfield>
    <subfield code="6">ATMS_HUY_2004_000000000000000_B211_OR_7</subfield>
    <subfield code="7">0</subfield>
    <subfield code="9">22976</subfield>
    <subfield code="a">LBB</subfield>
    <subfield code="b">LBB</subfield>
    <subfield code="c">B211</subfield>
    <subfield code="d">2015-12-12</subfield>
    <subfield code="o">ATMs HUY 2004 B211 Or.7</subfield>
    <subfield code="p">RUA009671</subfield>
    <subfield code="r">2015-12-12</subfield>
    <subfield code="w">2015-12-12</subfield>
    <subfield code="y">ATMSP</subfield>
  </datafield>
  <datafield tag="952" ind1=" " ind2=" ">
    <subfield code="0">0</subfield>
    <subfield code="1">0</subfield>
    <subfield code="2">ddc</subfield>
    <subfield code="4">0</subfield>
    <subfield code="6">ATMS_HUY_2004_000000000000000_B211_OR_8</subfield>
    <subfield code="7">0</subfield>
    <subfield code="9">22977</subfield>
    <subfield code="a">LBB</subfield>
    <subfield code="b">LBB</subfield>
    <subfield code="c">B211</subfield>
    <subfield code="d">2015-12-12</subfield>
    <subfield code="o">ATMs HUY 2004 B211 Or.8</subfield>
    <subfield code="p">RUA033898</subfield>
    <subfield code="r">2015-12-12</subfield>
    <subfield code="w">2015-12-12</subfield>
    <subfield code="y">ATMSP</subfield>
  </datafield>
  <datafield tag="952" ind1=" " ind2=" ">
    <subfield code="0">0</subfield>
    <subfield code="1">0</subfield>
    <subfield code="2">ddc</subfield>
    <subfield code="4">0</subfield>
    <subfield code="6">ATMS_HUY_2004_000000000000000_B211_OR_9</subfield>
    <subfield code="7">0</subfield>
    <subfield code="9">22978</subfield>
    <subfield code="a">LBB</subfield>
    <subfield code="b">LBB</subfield>
    <subfield code="c">B211</subfield>
    <subfield code="d">2015-12-12</subfield>
    <subfield code="o">ATMs HUY 2004 B211 Or.9</subfield>
    <subfield code="p">RUA033577</subfield>
    <subfield code="r">2015-12-12</subfield>
    <subfield code="w">2015-12-12</subfield>
    <subfield code="y">ATMSP</subfield>
  </datafield>
  <datafield tag="952" ind1=" " ind2=" ">
    <subfield code="0">0</subfield>
    <subfield code="1">0</subfield>
    <subfield code="2">ddc</subfield>
    <subfield code="4">0</subfield>
    <subfield code="6">ATMS_HUY_2004_000000000000000_B211_OR_10</subfield>
    <subfield code="7">0</subfield>
    <subfield code="9">22979</subfield>
    <subfield code="a">LBB</subfield>
    <subfield code="b">LBB</subfield>
    <subfield code="c">B211</subfield>
    <subfield code="d">2015-12-12</subfield>
    <subfield code="o">ATMs HUY 2004 B211 Or.10</subfield>
    <subfield code="p">RUA009483</subfield>
    <subfield code="r">2015-12-12</subfield>
    <subfield code="w">2015-12-12</subfield>
    <subfield code="y">ATMSP</subfield>
  </datafield>
</record>
